2024 vs 2025 (NFL Edition) - Statistics

General Stats
  • This quiz has been taken 18 times
  • The average score is 25 of 32
Answer Stats
Conference 2024-25 Season Record 2025-26 Season Record Team % Correct
AFC South 8-9 8-9 Colts
89%
AFC North 12-5 8-9 Ravens
89%
AFC North 9-8 6-11 Bengals
83%
AFC North 3-14 5-12 Browns
83%
AFC West 15-2 6-11 Chiefs
83%
NFC East 12-5 5-12 Commanders
83%
NFC East 7-10 7-9-1 Cowboys
83%
NFC East 14-3 11-6 Eagles
83%
NFC East 3-14 4-13 Giants
83%
AFC West 4-13 3-14 Raiders
83%
NFC West 10-7 14-3 Seahawks
83%
AFC North 10-7 10-7 Steelers
83%
NFC West 6-11 12-5 49ers
78%
NFC North 5-12 11-6 Bears
78%
AFC East 13-4 12-5 Bills
78%
AFC West 10-7 14-3 Broncos
78%
NFC South 10-7 8-9 Buccaneers
78%
NFC North 15-2 9-8 Lions
78%
NFC North 11-6 9-7-1 Packers
78%
NFC South 5-12 8-9 Panthers
78%
AFC East 4-13 14-3 Patriots
78%
NFC West 10-7 12-5 Rams
78%
AFC South 10-7 12-5 Texans
78%
NFC North 14-3 9-8 Vikings
78%
NFC West 8-9 3-14 Cardinals
72%
AFC West 11-6 11-6 Chargers
72%
AFC East 8-9 7-10 Dolphins
72%
NFC South 8-9 8-9 Falcons
72%
AFC South 4-13 13-4 Jaguars
72%
AFC East 5-12 3-14 Jets
72%
NFC South 5-12 6-11 Saints
72%
AFC South 3-14 3-14 Titans
72%
No matching quizzes found
Score Distribution
Percent of People with Each Score
Percentile by Number Answered
Your Score History
You have not taken this quiz